000
00238 a2200097 4500
001
42701
100
_a
McClaughry
245
_a
War in Three Dimensions; a centennial approach
260
_a
London
_b
Jonathan Cape
_c
090
_c
26594
_d
26594
942
_a
NUST-CAE
_c
M
_c
18440
999
_c
277774
_d
277774